00478nam a2200205Ia 4500003000900000008004100009040001300050040001300063041000800076100001800084245003200102250002200134260002100156260000900177300001100186300001000197490003300207490000600240700002600246IT-RoPAU120407s9999 xx 000 0 und d aIT-RoPAU cIT-RoPAU aita aDionigi Carli aViaggio nel Regno del Congo aCinisello Balsamo aEdizioni Paoline c1997 a306 p. c22 cm aIl fascino dell’ignoto, 15 v1 aMichelangelo Guattini